00189nam a2200073Ia 4500008004100000082001700041100001800058245003900076240331s9999 xx 000 0 und d a302.232bTHI aNagarjuna. tr 0aTiraippata metai sergai eisenstein